Welcome to CU Library Online Public Access Catalogue (OPAC)

Ax-i-om (ak-see-uhm) : (Record no. 4885)

MARC details
000 -LEADER
fixed length control field 00827cam a2200241 a 4500
001 - CONTROL NUMBER
control field 15202671
005 - DATE AND TIME OF LATEST TRANSACTION
control field 20250317161358.0
008 - FIXED-LENGTH DATA ELEMENTS--GENERAL INFORMATION
fixed length control field 080303s2008 miua b 000 0 eng
020 ## - INTERNATIONAL STANDARD BOOK NUMBER
International Standard Book Number 9780310272366 (hardcover, jacketed)
020 ## - INTERNATIONAL STANDARD BOOK NUMBER
International Standard Book Number 031027236X (hardcover, jacketed)
020 ## - INTERNATIONAL STANDARD BOOK NUMBER
International Standard Book Number 9780310282594 (softcover)
020 ## - INTERNATIONAL STANDARD BOOK NUMBER
International Standard Book Number 0310282594 (softcover)
050 00 - LIBRARY OF CONGRESS CALL NUMBER
Classification number BV4597.53.L43
Item number H93 2008
082 00 - DEWEY DECIMAL CLASSIFICATION NUMBER
Classification number 253
Edition information 22
100 1# - MAIN ENTRY--PERSONAL NAME
Personal name Hybels, Bill.
245 10 - TITLE STATEMENT
Title Ax-i-om (ak-see-uhm) :
Remainder of title powerful leadership proverbs /
Statement of responsibility, etc. Bill Hybels.
260 ## - PUBLICATION, DISTRIBUTION, ETC.
Place of publication, distribution, etc. Grand Rapids, Mich. :
Name of publisher, distributor, etc. Zondervan,
Date of publication, distribution, etc. c2008.
300 ## - PHYSICAL DESCRIPTION
Extent 219 p. :
Other physical details ill. ;
Dimensions 23 cm.
650 #0 - SUBJECT ADDED ENTRY--TOPICAL TERM
Topical term or geographic name entry element Leadership
General subdivision Religious aspects
-- Christianity.
650 #0 - SUBJECT ADDED ENTRY--TOPICAL TERM
Topical term or geographic name entry element Leadership.
856 41 - ELECTRONIC LOCATION AND ACCESS
Materials specified Table of contents only
Uniform Resource Identifier <a href="http://www.loc.gov/catdir/toc/ecip0813/2008009574.html">http://www.loc.gov/catdir/toc/ecip0813/2008009574.html</a>
942 ## - ADDED ENTRY ELEMENTS (KOHA)
Source of classification or shelving scheme Library of Congress Classification
Koha item type Books
Suppress in OPAC No
999 ## -
-- 4885
-- 4885
Holdings
Withdrawn status Lost status Source of classification or shelving scheme Damaged status Not for loan Collection Home library Current library Shelving location Date acquired Total checkouts Full call number Barcode Date last seen Copy number Price effective from Koha item type
    Library of Congress Classification     Non-fiction Graduate Library (Christ Temple) Graduate Library (Christ Temple) General stacks 03/17/2025   BV 4597.53.L 43 HYB GSCT00000633 03/17/2025 1 03/17/2025 Books
© 2023-2024 Copyright: Central University Libraries. All Rights Reserved | Created by: Mahone Tech Office